[Event "GER-chT Christmas U20"]
[Site "Playchess.com INT"]
[Date "2020.12.29"]
[Round "6.4"]
[White "El Sewisy, Aiman"]
[Black "Willberg, Marek"]
[Result "0-1"]
[WhiteElo "893"]
[BlackElo "1386"]
[PlyCount "74"]
[EventDate "2020.12.29"]
[EventType "team-swiss (blitz)"]
[EventRounds "7"]
[EventCountry "GER"]
[SourceTitle "CBM 200 Extra"]
[Source "ChessBase"]
[SourceDate "2021.03.31"]
[SourceVersion "1"]
[SourceVersionDate "2021.03.31"]
[SourceQuality "1"]
[WhiteTeam "Aschheim/Feldkirchen/Kirchheim"]
[BlackTeam "Leipzig VfB"]
[WhiteTeamCountry "GER"]
[BlackTeamCountry "GER"]

1. e4 b6 2. Bc4 e6 3. Nc3 Bb7 4. d3 Nf6 5. Nf3 Bb4 6. 0-0 Bxc3 7. bxc3 d5 8. exd5 Bxd5 9. Bxd5 Nxd5 10. Bb2 0-0 11. c4 Nf6 12. Ng5 h6 13. Nh3 Nbd7 14. Qf3 c5 15. a4 Qc7 16. Nf4 Rfd8 17. Nh5 Nxh5 18. Qxh5 Qf4 19. g3 Qd6 20. Qg4 e5 21. f4 Re8 22. fxe5 Nxe5 23. Qf4 Rad8 24. Bxe5 Qxe5 25. Qxf7+ Kh8 26. Rae1 Qxe1 27. Rxe1 Rxe1+ 28. Kf2 Rde8 29. Qf3 Kg8 30. Qd5+ Kh8 31. Qf3 Rc1 32. c3 Rc2+ 33. Kf1 Rxc3 34. Qc6 Rf8+ 35. Ke2 Rc2+ 36. Kd1 Rxh2 37. Qd6 Rf1# 0-1